| 000 | 00417cam a22001337a 4500 | ||
|---|---|---|---|
| 008 | 180718b2001 xxu||||| |||| 00| 0 eng d | ||
| 082 | _aA81x54 01/19/PAP1/01 | ||
| 100 | _aCensus of India 2001 | ||
| 245 | _aAssam: provisional population totals | ||
| 260 |
_aDelhi _bController of Publications _c2001 |
||
| 300 | _a54+p. | ||
| 440 | _aCensus of India 2001. Series-19, Assam. Paper-1 of 2001 | ||
| 650 | _aAssam - Census | ||
| 999 |
_c490887 _d490887 |
||